00559nam a2200229Ia 4500008004100000020001800041050001000059050001400069100001800083245005300101245002100154250001800175260001000193260002600203260000900229300001500238300002000253300001000273500002300283650001200306700001100318171025s9999 xx 000 0 und d a9781905720194 a910.9 bH319 2008 aHarrison, Lee aHow to get the best deal every time you travel / cby Lee Harrison. aThird edition aUSA : bInternational Living, c2008 a75 pages : billustrations ; c21cm. aIncludes appendix. aTravel. aTitle.